00321nam a2200109Ia 4500008004100000082000800041100002400049245001800073942000600091952009900097999001500196240331s9999 xx 000 0 und d bSAT aRamakrishnan, L. ed 0aSatyajit Ray  cL 001040708LaWERCLbWERCLcSSCd2024-03-31l0o 302.234 SATp1188r2024-03-31w2024-03-31yL c1495d1495